|
|
|
|
| LEADER |
00000nab a2200000 4500 |
| 001 |
vtls011984915 |
| 003 |
SK-MaSNL |
| 005 |
20260304002829.0 |
| 008 |
200803|2019 xo ||||||| ||00 ||slo| |
| 038 |
|
|
|a PPPK
|
| 040 |
|
|
|a PPPKCL
|b slo
|e rda
|
| 041 |
0 |
|
|a slo
|
| 043 |
|
|
|a e-xo---
|
| 044 |
|
|
|a xo
|c SK
|
| 072 |
|
7 |
|a 551
|x Geológia. Meteorológia. Klimatológia
|2 konspekt
|
| 072 |
|
7 |
|a 504
|x Znečistenie a poškodenie životného prostredia
|2 konspekt
|
| 080 |
|
|
|a 504.4
|2 2011
|
| 080 |
|
|
|a 551.553.8
|2 2011
|
| 080 |
|
|
|a 630*23
|2 2011
|
| 110 |
2 |
|
|a Tlačová agentúra Slovenskej republiky
|4 aut
|9 177619
|
| 245 |
0 |
0 |
|a Víchrica pred 15 rokmi vylámala Vysoké Tatry
|b katasrofa si vyžiadala aj dva životy
|c [autor] (tasr)
|
| 300 |
|
|
|b Fotografie
|
| 336 |
|
|
|a text
|b txt
|2 rdacontent
|
| 337 |
|
|
|a bez média
|b n
|2 rdamedia
|
| 338 |
|
|
|a zväzok
|b nc
|2 rdacarrier
|
| 648 |
|
7 |
|a 19.11.2004
|2 SNK
|9 1237587
|
| 650 |
0 |
7 |
|a prírodné katastrofy
|2 SNKPH
|9 3933
|
| 650 |
0 |
7 |
|a víchrice
|2 SNKPH
|9 31806
|
| 650 |
0 |
7 |
|a obnova lesa
|2 SNKPH
|9 100062
|
| 651 |
|
7 |
|a Vysoké Tatry (Poľsko a Slovensko : pohorie)
|2 SNKPHgeo
|9 67729
|
| 651 |
|
7 |
|a Tatranský národný park (Slovensko)
|2 SNKPHgeo
|9 106968
|
| 655 |
|
7 |
|a správy
|2 SNKPH
|9 70563
|
| 773 |
0 |
|
|t Korzár
|g Roč. XXII., č. 269 (19.11.2019), s. 8
|x 2585-7355
|
| 852 |
|
|
|a PPPK
|b KIS3GCP
|
| 958 |
|
|
|a RG
|
| 999 |
|
|
|c 2544021
|d 2545951
|